000 01060cam a2200277 a 4500
001 4395
005 20250528123635.0
020 _a9780545343107
040 _aDLC
_cDLC
_dDLC
_beng
050 0 0 _aPZ7.P2783425
_b2009
082 0 0 _a796.323
100 1 _aPaul, Chris
245 1 0 _aLong shot :
_bnever too small to dream big /
_cChris Paul ; illustrated by Frank Morrison
250 _aFirst edition
260 _aNew York :
_bScholastic ;
_c2009 .
300 _a32 unnumbered pages :
_bcolor illustrations ;
_c29 cm.
505 _aN
520 _aAlthough he is shorter than most of his classmates and everyone discourages him from trying out for the basketball team, eight-year-old Chris Paul, future NBA All-Star, just works harder than everyone else so his size will not matter.
521 1 _a580
_bLexile AD
650 1 _aBasketball
_vFiction.
650 1 _aSize
_vFiction.
650 1 _aPersistence
_vFiction.
700 1 _aMorrison, Frank,
_d1971-
_eillustrator
906 _a7
_bcbc
_corignew
_d1
_eecip
_f20
_gy-gencatlg
942 _2ddc
_cBK
_n0
999 _c4395
_d4395